01320nam a22002657a 4500999001700000003000900017008004100026040007100067082001700138100002100155110009800176245003000274260005400304300005100358505015800409650002000567650003000587650001700617650002100634650002200655700025500677942001600932945000900948952009700957 c20588d20588AR-CdUCM190531b ||||| |||| 00| 0 spa d aMUNICIPALIDAD PROVINCIAL DEL CUSCOcBIBLIOTECA MUNICIPAL DEL CUSCO a541.2 /bP54 aPierce, James B. aCentro Regional de Ayuda Técnica - Agencia para el Desarrollo Internacional (A.I.D.)922328 aQuímica de la materia : aMéxico, D. F. :bPublicaciones cultural,c1973. a829 páginas ;bFórmulas químicasc26 cm. aContenido: Estudio de la química -- Desarrollo de la teoría química -- Periodicidad química -- Visualización del átomo -- Enlace químico... aQuímica94512 aTeoría atómica941958 aMateria9883 aEnergía915841 aReacciones918962 aMassachusetts, Lowell (prólogo), West, Robert C. (introducción), Mijares Mijares, Antonio (traductor), Montagut Bosque, Pilar (revisión técnica), Muñiz Pajín, Antonio L. (revisión de estilo), Cerón Valdovinos, Armando (portada)943037 2ddccLIBROS aAndy 002ddc4070aSCbSCcCARTd2019-05-31g70.00o541.2 / P54pSC0000002054r2019-05-31yLIBROS